000
00376nam a22001577a 4500
003
MPLRDC
005
20220104125301.0
008
210129b ||||| |||| 00| 0 eng d
082
_a
857.9 CRB-33 v.1
100
_a
曹若冰
245
_a
桃花江黑马. 上
_c
260
_a
_b
四维出版社
_c
300
_b
平
650
_a
武侠小说
942
_c
BK
_o
857.9 CRB-33 v.1
999
_c
26131
_d
26121